Vlooteenheden Koninklijke Marine - Statistieken

Algemene statistieken
  • Deze quiz is 7 keer genomen
  • De gemiddelde score is 16 van 32
Antwoordstatistieken
Hint Antwoord % Correct
Luchtverdedigings- en commandofregat Zr. Ms. De Ruyter
80%
Onderzeeboot Zr. Ms. Dolfijn
80%
Patrouilleschip Zr. Ms. Friesland
80%
Patrouilleschip Zr. Ms. Groningen
80%
Patrouilleschip Zr. Ms. Holland
80%
Amfibisch transportschip Zr. Ms. Johan de Witt
80%
Logistiek ondersteuningsschip Zr. Ms. Karel Doorman
80%
Luchtverdedigings- en commandofregat Zr. Ms. Tromp
80%
Patrouilleschip Zr. Ms. Zeeland
80%
Luchtverdedigings- en commandofregat Zr. Ms. De Zeven Provinciën
60%
Multipurposefregat Zr. Ms. Van Speijk
60%
Duikvaartuigen Argus
40%
Duikvaartuigen Cerberus
40%
Duikvaartuigen Hydra
40%
Marineopleidingsvaartuig Van Kinsbergen
40%
Onderzeeboot Zr. Ms. Bruinvis
40%
Luchtverdedigings- en commandofregat Zr. Ms. Evertsen
40%
Hydrografisch opnemingsvaartuig Zr. Ms. Luymes
40%
Mijnenjager Zr. Ms. Makkum
40%
Torpedowerkschip Zr. Ms. Mercuur
40%
Amfibisch transportschip Zr. Ms. Rotterdam
40%
Hydrografisch opnemingsvaartuig Zr. Ms. Snellius
40%
Multipurposefregat Zr. Ms. Van Amstel
40%
Mijnenjager Zr. Ms. Willemstad
40%
Onderzeeboot Zr. Ms. Zeeleeuw
40%
Mijnenjager Zr. Ms. Zierikzee
40%
Duikvaartuigen Nautilus
20%
Duikvaartuigen Soemba
20%
Ondersteuningsvaartuig Zr. Ms. Pelikaan
20%
Mijnenjager Zr. Ms. Schiedam
20%
Opleidingsschip Zr. Ms. Urania
20%
Mijnenjager Zr. Ms. Vlaardingen
20%
Geen overeenkomende quizzen gevonden
Scoreverdeling
Procent van Mensen met Elke Score
Percentiel versus Aantal Correcte Antwoorden
Uw Scoregeschiedenis
U heeft deze quiz nog niet genomen